000 00705nam a22001937a 4500
005 20240530110920.0
008 220221s1995 ua a g b 000 0 ara d
040 _aEG-CaGPL
_cEG-CaGPL
082 0 4 _221
_a338.9 \
_bم ا
100 0 _aعلى نصار
245 1 2 _aالامكانات العربية :
_bاعادة نظر وتقويم فى ضوء تنمية بديلة /
_cعلى نصار
250 _aط.1
260 _aبيروت :
_bمركز دراسات الوحدة العربية،
_c1982
300 _a135 ص؛
_c24 سم
650 0 7 _aالموارد الطبيعية
_2qrmak
650 0 7 _aالموارد البشرية
_2qrmak
942 _2ddc
_cBK
999 _c66463
_d66463